000 00843nac a22002777a 4500
001 BR9702395
003 BR-BrBNA
005 20240105121917.0
008 230509b bl.|||m| |||| 00| 0 por d
040 _aBR-BrBNA
_bpor
_cBiblioteca Nacional de Agricultura
072 _aE12
090 _a9410 BR9702395
100 1 _aFrancisco, N.
100 1 _aHarbs, R.M.P.
100 1 _aCroda, S.F.
110 1 _aServico Nacional de Aprendizagem Rural, Brasilia, DF (Brasil)
245 1 _aTrabalhador no beneficiamento primario do leite
260 3 _aBrasilia, DF (Brasil):
_c1997.
300 _a16 p.
490 _aSerie Conteudos Ocupacionais (Brazil)
_vno. 71
_xISSN 0104-9690
650 _aLeite
650 _aBeneficiamento
650 _aTrabalhador Rural
909 _a202312
_bLúcia Elande
_c55
_dLúcia Elande
942 _2AGRIS
_n0
_cMS
999 _c288175
_d288175